Norddeutsche Wörter - Statistiken

Allgemein
  • Dieses Quiz wurde 34 mal gespielt
    33 seit der letzten Aktualisierung
  • Das Durchschnittsergebnis liegt bei 8 aus 20
Antwortstatistiken
Norddeutsch Hochdeutsch % Korrekt
schnacken reden/sprechen
97%
Büx Hose
72%
Mors Po
59%
Büddel Beutel
55%
Bonschen Bonbon
55%
dösig dumm/ungeschickt
55%
um´n Pudding gehen spazieren gehen
52%
Knust Das Ende des Brotes
45%
Döspaddel/Dösbaddel Dummkopf
45%
Tüdelkram Nebensächlichkeiten/Kleinzeug
41%
up´n Swutsch gehen ausgehen/feiern
38%
Buten Draußen
31%
Feudel Lappen/Putztuch
31%
plietsch schlau/clever
31%
drömelig langsam/unaufmerksam
24%
schnökern naschen
17%
butschern draußen spielen/herumtreiben
14%
gnaddelig schlecht gelaunt
10%
klamüsern durchdenken
3%
krüsch wählerisch
3%
Keine übereinstimmenden Quizze gefunden
Verteilung der Resultate
Anzahl Personen mit jedem Resultat
Perzentil nach korrekt beantworteten Fragen
Ihre Resultats-Entwicklung
Sie haben dieses Quiz seit der letzten Aktualisierung nicht gespielt